| 000 -LEADER |
| fixed length control field |
00509nam a22000977a 4500 |
| 008 - FIXED-LENGTH DATA ELEMENTS--GENERAL INFORMATION |
| fixed length control field |
160418b xxu||||| |||| 00| 0 eng d |
| 100 ## - MAIN ENTRY--AUTHOR'S NAME |
| Author's Name |
Schuler, Gerhard |
| 245 ## - TITLE STATEMENT |
| Title |
INFLA-Bucherei ; 3. Danzig : Die Schragdrucke und ihre Falschungen |
| Remainder of title |
Danzig Forgeries |
| 260 ## - PUBLICATION, DISTRIBUTION, ETC. (IMPRINT) |
| Place of publication, distribution, etc. |
Berlin |
| Name of publisher, distributor, etc. |
INFLA-Berlin Verein der Deutschlandsammler e.V. |
| Date of publication, distribution, etc. |
1960 |
| 650 ## - TOPICAL TERM (Tag) |
| Topical term or geographic name |
Danzig (1920-1939) | Overprints and Surcharges | 1920 Germany | Production | Errors and Varieties Printing | Forgeries and Counterfeits | Inflation Period | Inflation Issues |